000 00598nam a2200229Ia 4500
003 OSt
005 20220928115430.0
006 a|||||r|||| 00| 0
007 ta
008 220927b |||||||| |||| 00| 0 eng d
024 _a53672
037 _cTextual
040 _aSDCL
_cSDCL
_beng
041 _2eng
_aeng
082 _aV433:19'N6, L9
100 _aJha Ganganath
245 0 _aForeign policy of Thailand
260 _aNew Delhi
_bRadiant Publishers
_c1979
300 _axi,195p
_ccm.
942 _hV433:19'N6, L9
_cTEXL
_2CC
999 _c759383
_d759383